Ennead Gods - Statistics

General Stats
  • This quiz has been taken 19 times
  • The average score is 5 of 10
Answer Stats
Picture Hint Answer % Correct
Death & Rebirth Osiris
92%
Desert & Violence Set
83%
Mother Goddess Isis
75%
Earth Geb
67%
The Sun Horus
67%
Sky & Cosmos Nut
58%
Creator Atum
42%
Moisture & Dew Tefnut
33%
Temples Nephthys
25%
Wind/Dry Air Heh
0%
No matching quizzes found
Score Distribution
Percent of People with Each Score
Percentile by Number Answered
Your Score History
You have not taken this quiz